History Quiz

Random History or Politics Quiz
Score 0/6 Timer 01:00
3 Plays Today
Miranda warning Missing word(s) % Correct
You have the right toremain silent
98.2%
be used against you in acourt of law
91.4%
You have the right toan attorney
86.8%
If you cannotafford
84.4%
Anything you saycan and will
81.2%
an attorney one will beappointed for you
71.3%
Remove Ads.
Support Sporcle.
Get the best of Sporcle when you Go Orange. This ad-free experience offers more features, more stats, and more fun while also helping to support Sporcle. Thank you for becoming a member.

You're not logged in!

Compare scores with friends on all Sporcle quizzes.
OR
Log In

Sporcle TV

Today on Sporcle TV


Watch our educational content, quiz creation guides, and fun videos on Sporcle TV.

Show Comments

Extras

Top Quizzes Today


Score Distribution

Paid Content

Your Account Isn't Verified!

In order to create a playlist on Sporcle, you need to verify the email address you used during registration. Go to your Sporcle Settings to finish the process.

Report this User

Report this user for behavior that violates our Community Guidelines.

Details: